| 000 | 00792nam a2200253 a 4500 | ||
|---|---|---|---|
| 001 | 000035939 | ||
| 005 | 20200930074734.0 | ||
| 008 | 090716s2011 dr a 000 0 spa d | ||
| 020 | _a9789945410495 | ||
| 040 |
_aDO-SdBNP _bspa _cBNPHU |
||
| 082 |
_a808.51 _bH465o |
||
| 100 | 1 |
_aHeidelman, Julio Alberto _91169 |
|
| 245 | 1 | 0 |
_aOratoria contemporánea : _bdisfrute hablando en público / _cJulio Alberto Heidelman. |
| 250 | _a2a ed. | ||
| 260 |
_aSanto Domingo : _bLetra gráfica, _c2011. |
||
| 300 |
_a151 p. : _bil. ; _c22 cm. |
||
| 500 | _aIncluye datos biográfocos del autor en la solapa | ||
| 504 | _aIncluye bibliográfia (p. 151) | ||
| 650 | 4 |
_aOratoria _91172 |
|
| 650 | 4 |
_aComunicación oral _912102 |
|
| 650 | 4 |
_aHablar en público _98143 |
|
| 049 | _aBNPD | ||
| 049 | _aBNPD | ||
| 999 |
_c35430 _d35430 |
||